[Event "Glorney Gilbert International 2016 - Robinson"]
[Site "Daventry"]
[Date "2016.07.17"]
[Round "1.1"]
[White "Berera, Siddharth"]
[Black "Choo-Yin, Ben"]
[Result "1-0"]
[WhiteElo "1594"]
[BlackElo "1686"]
[PlyCount "81"]
[EventDate "2016.07.17"]
[WhiteTeam "Scotland"]
[BlackTeam "Wales"]

1. e4 c5 2. Nf3 Nc6 3. d4 cxd4 4. Nxd4 g6 5. Nc3 Bg7 6. Be3 Nf6 7. Bc4 O-O 8.
Bb3 a5 9. a4 d5 10. exd5 Nb4 11. Nde2 Bf5 12. O-O Ne4 13. Nd4 Nxc3 14. bxc3
Bxd4 15. Qxd4 e5 16. dxe6 Nxc2 17. exf7+ Rxf7 18. Bxf7+ Kxf7 19. Qxd8 Rxd8 20.
Ra2 Ke6 21. g4 Nxe3 22. gxf5+ Nxf5 23. Rb2 Rd7 24. Re1+ Kf6 25. Reb1 Rc7 26.
Rxb7 Rxc3 27. R7b5 Nd4 28. Rxa5 Ra3 29. Ra8 Nb3 30. Rd1 h5 31. Kg2 h4 32. Rd3
Kf5 33. Rb8 Rxa4 34. Rbxb3 g5 35. h3 g4 36. hxg4+ Kxg4 37. Rh3 Kg5 38. Rb5+ Kg6
39. Rc3 Ra6 40. f4 Rd6 41. Rg3+ 1-0

[Event "Glorney Gilbert International 2016 - Robinson"]
[Site "Daventry"]
[Date "2016.07.17"]
[Round "1.1"]
[White "Lutchman-Singh, Karanvir"]
[Black "Connolly Sams, Lukah"]
[Result "1/2-1/2"]
[WhiteElo "1716"]
[BlackElo "1498"]
[PlyCount "60"]
[EventDate "2016.07.17"]
[WhiteTeam "Wales"]
[BlackTeam "Scotland"]

1. e4 e6 2. d4 d5 3. e5 c5 4. c3 Nc6 5. Nf3 Bd7 6. a3 Nge7 7. Be2 Nf5 8. b4
cxd4 9. cxd4 b5 10. O-O h5 11. Be3 Be7 12. Bxb5 Nxe5 13. Bxd7+ Nxd7 14. Nbd2
Bf6 15. Nb3 g5 16. Qd3 g4 17. Nfd2 h4 18. Bf4 Qb6 19. Nc5 Bxd4 20. Rfe1 Nxc5
21. bxc5 Bxc5 22. Rab1 Bxf2+ 23. Kf1 Qd4 24. Qxf5 Bxe1 25. Rxe1 g3 26. Rxe6+
fxe6 27. Qxe6+ Kd8 28. Qd6+ Ke8 29. Qe6+ Kd8 30. Qd6+ Ke8 1/2-1/2

[Event "Glorney Gilbert International 2016 - Robinson"]
[Site "Daventry"]
[Date "2016.07.17"]
[Round "1.2"]
[White "Byrne, Alex"]
[Black "Rachid, Alexandre"]
[Result "1/2-1/2"]
[WhiteElo "1926"]
[BlackElo "1935"]
[PlyCount "169"]
[EventDate "2016.07.17"]
[WhiteTeam "Ireland"]
[BlackTeam "France"]
[WhiteTeamCountry "IRL"]
[BlackTeamCountry "SCO"]

1. e4 c5 2. c3 d5 3. exd5 Qxd5 4. d4 Nc6 5. Nf3 Bf5 6. Be3 e6 7. Be2 Nf6 8. O-O
Ng4 9. c4 Qd7 10. Nc3 Be7 11. d5 Nb4 12. Bf4 O-O 13. a3 Na6 14. h3 Nf6 15. d6
Bd8 16. Ne5 Qe8 17. Bf3 Rb8 18. g4 Bg6 19. d7 Qe7 20. Nxg6 hxg6 21. Bd6 Qxd7
22. Bxf8 Kxf8 23. Qxd7 Nxd7 24. b3 Ne5 25. Bg2 Bf6 26. Ne4 Nc6 27. Nxf6 gxf6
28. Bxc6 bxc6 29. Rab1 Ke7 30. Rfd1 e5 31. Kg2 g5 32. Rd3 Nc7 33. Rbd1 Ne6 34.
Rd7+ Ke8 35. Rxa7 Nd4 36. Rb1 Nxb3 37. a4 Kd8 38. Rxf7 Rb4 39. Rxb3 Rxb3 40.
Rxf6 Ra3 41. Rf5 Rxa4 42. Rxe5 Rxc4 43. Rxg5 Kd7 44. h4 Kd6 45. h5 Rf4 46. h6
Rf8 47. h7 Rh8 48. Rh5 c4 49. Kf3 Ke6 50. Ke3 Kf6 51. Kd4 Kg7 52. Kxc4 c5 53.
Kxc5 Rc8+ 54. Kd6 Kh8 55. g5 Rc2 56. Ke6 Rxf2 57. Rh4 Rg2 58. Kf6 Rf2+ 59. Ke6
Rg2 60. Rh5 Rf2 61. Rh6 Re2+ 62. Kf6 Rf2+ 63. Ke7 Rf7+ 64. Ke6 Ra7 65. Rf6 Ra1
66. Kf5 Kxh7 67. Rf7+ Kg8 68. Kg6 Ra6+ 69. Rf6 Ra7 70. Re6 Rg7+ 71. Kf6 Rf7+
72. Kg6 Rg7+ 73. Kf5 Rf7+ 74. Rf6 Kg7 75. Ke6 Ra7 76. Ke5 Ra5+ 77. Kf4 Ra4+ 78.
Kf5 Ra5+ 79. Kg4 Ra4+ 80. Kh5 Ra1 81. Rg6+ Kh7 82. Re6 Rh1+ 83. Kg4 Rg1+ 84.
Kf5 Rf1+ 85. Ke5 1/2-1/2

[Event "Glorney Gilbert International 2016 - Robinson"]
[Site "Daventry"]
[Date "2016.07.17"]
[Round "1.2"]
[White "Binet, Joseph"]
[Black "Haque, Mustakim-Ul"]
[Result "0-1"]
[WhiteElo "1741"]
[BlackElo "1839"]
[PlyCount "82"]
[EventDate "2016.07.17"]
[WhiteTeam "France"]
[BlackTeam "Ireland"]

1. e4 c6 2. d4 d5 3. f3 dxe4 4. fxe4 e5 5. Nf3 exd4 6. Bc4 Be7 7. O-O Nf6 8. e5
Nd5 9. Nxd4 Bc5 10. Nc3 Qb6 11. Nce2 Bg4 12. Bxd5 cxd5 13. c3 Nc6 14. Kh1 Bxd4
15. cxd4 Bxe2 16. Qxe2 Qxd4 17. e6 O-O 18. exf7+ Rxf7 19. Rxf7 Kxf7 20. Bg5 Qe5
21. Rf1+ Kg8 22. Qb5 Rf8 23. Rxf8+ Kxf8 24. Bd2 Qd4 25. Qf1+ Kg8 26. Bc3 Qc4
27. Qe1 Qe4 28. Qxe4 dxe4 29. Kg1 Ne7 30. Kf2 Nd5 31. h4 Kf7 32. g4 Nxc3 33.
bxc3 Ke6 34. c4 b6 35. h5 Ke5 36. Ke3 g6 37. hxg6 hxg6 38. g5 Kf5 39. a4 a5 40.
Kd4 Kf4 41. Kd5 e3 0-1

[Event "Glorney Gilbert International 2016 - Robinson"]
[Site "Daventry"]
[Date "2016.07.17"]
[Round "1.2"]
[White "Redmond, Joshua"]
[Black "Romas, Lionia"]
[Result "1-0"]
[WhiteElo "1700"]
[BlackElo "1626"]
[PlyCount "97"]
[EventDate "2016.07.17"]
[WhiteTeam "Ireland"]
[BlackTeam "France"]

1. e4 e6 2. d3 d5 3. Nd2 Nf6 4. Ngf3 c5 5. g3 Nc6 6. Bg2 Be7 7. O-O O-O 8. c3
b5 9. e5 Nd7 10. d4 a5 11. Re1 cxd4 12. cxd4 Qb6 13. a4 Nxd4 14. axb5 Nxb5 15.
Nb3 Bb4 16. Re2 Ba6 17. Rc2 Rfc8 18. Be3 Qb8 19. Bf4 Qb6 20. Be3 Qd8 21. Rac1
Rxc2 22. Rxc2 Rc8 23. Qc1 Rxc2 24. Qxc2 Qc7 25. Qxc7 Nxc7 26. Nbd4 Na8 27. Nc6
Nab6 28. Nxb4 axb4 29. b3 Bd3 30. Nd2 Nc8 31. f4 Ne7 32. Bf3 Bc2 33. Be2 Nb8
34. Ba7 Nbc6 35. Bc5 Nf5 36. Bb5 Nfd4 37. Ba4 Ne2+ 38. Kf2 Nxf4 39. gxf4 Na5
40. Bxb4 Nb7 41. Nf3 f6 42. Nd4 Bf5 43. Nxf5 exf5 44. Bc6 Nd8 45. Bxd5+ Kh8 46.
Be7 fxe5 47. fxe5 h6 48. Bxd8 g5 49. Bf6+ 1-0

[Event "Glorney Gilbert International 2016 - Robinson"]
[Site "Daventry"]
[Date "2016.07.17"]
[Round "1.2"]
[White "Mansouri, Julien"]
[Black "Melaugh, Gavin"]
[Result "0-1"]
[WhiteElo "1607"]
[BlackElo "1597"]
[PlyCount "88"]
[EventDate "2016.07.17"]
[WhiteTeam "France"]
[BlackTeam "Ireland"]

1. e4 c5 2. Nc3 a6 3. a4 Nc6 4. Bc4 e6 5. d3 Nf6 6. Nge2 d5 7. exd5 exd5 8. Ba2
d4 9. Ne4 Nxe4 10. dxe4 Be6 11. Bxe6 fxe6 12. Nf4 Qf6 13. Qh5+ Kd7 14. Nd3 e5
15. f4 exf4 16. Bxf4 Qe6 17. O-O b6 18. Ne5+ Nxe5 19. Bxe5 g6 20. Qg5 Be7 21.
Bf6 Rhf8 22. Bxe7 Qxe7 23. Qd5+ Kc7 24. e5 Rad8 25. Qe4 Rde8 26. Rae1 Rxf1+ 27.
Kxf1 Qf7+ 28. Kg1 Rf8 29. Qh4 g5 30. Qg3 Qf4 31. Qxf4 Rxf4 32. g3 Rf7 33. Kg2
Kc6 34. e6 Re7 35. Re5 h6 36. Kf3 Kd6 37. Re2 Rxe6 38. Rd2 Kd5 39. Kg4 Rf6 40.
b3 b5 41. axb5 axb5 42. Re2 c4 43. bxc4+ Kxc4 44. Re5 Rf2 0-1

[Event "Glorney Gilbert International 2016 - Robinson"]
[Site "Daventry"]
[Date "2016.07.17"]
[Round "1.2"]
[White "Ruchko, Denis"]
[Black "Badinier, Romain"]
[Result "1-0"]
[WhiteElo "1513"]
[BlackElo "1522"]
[PlyCount "89"]
[EventDate "2016.07.17"]
[WhiteTeam "France"]
[BlackTeam "Ireland"]

1. d4 d5 2. c4 e6 3. Nc3 Nf6 4. Bg5 Nbd7 5. e3 Be7 6. cxd5 exd5 7. Bd3 h6 8.
Bh4 O-O 9. Nf3 c6 10. Qc2 Ne8 11. Bg3 Bd6 12. O-O Bxg3 13. hxg3 Nd6 14. Nd2 Re8
15. Rfe1 Nf6 16. Rab1 Bd7 17. Na4 b6 18. Nc3 Rc8 19. b4 Re7 20. Nf3 Qe8 21. Ne5
Ng4 22. Nxd7 Qxd7 23. Rec1 Nf6 24. a4 Nfe4 25. Nxe4 Nxe4 26. Bxe4 Rxe4 27. Rd1
b5 28. Rdc1 a6 29. Ra1 Qd6 30. axb5 axb5 31. Ra6 Re6 32. Qc3 Qd7 33. Rb6 c5 34.
Rxe6 fxe6 35. dxc5 Qc6 36. Ra1 Rc7 37. Qe5 Qd7 38. Ra6 Rc6 39. Rxc6 Qxc6 40.
Qb8+ Kf7 41. Qb6 Qe8 42. c6 Ke7 43. Qb7+ Kd6 44. c7 Qd7 45. Qxb5 1-0

[Event "Glorney Gilbert International 2016 - Robinson"]
[Site "Daventry"]
[Date "2016.07.17"]
[Round "1.2"]
[White "Gachenot, Alexandre"]
[Black "Hunter, Sean"]
[Result "1-0"]
[WhiteElo "1448"]
[BlackElo "1458"]
[PlyCount "85"]
[EventDate "2016.07.17"]
[WhiteTeam "France"]
[BlackTeam "Ireland"]

1. e4 e5 2. Nf3 Nc6 3. Bc4 Bc5 4. c3 Nf6 5. d4 exd4 6. cxd4 Bb4+ 7. Bd2 Bxd2+
8. Nbxd2 d5 9. exd5 Nxd5 10. Qb3 Na5 11. Qa4+ c6 12. Bxd5 Qxd5 13. O-O O-O 14.
Rac1 Qb5 15. Qa3 b6 16. Ne5 f6 17. Nef3 Be6 18. b3 Bd5 19. Qd6 Rfd8 20. Qe7 Re8
21. Qc7 Qb4 22. Rfe1 Rec8 23. Qd7 Rd8 24. Qc7 Rdc8 25. Qg3 Re8 26. Qg4 Qd6 27.
Ne4 Qe7 28. Ng3 Bxf3 29. gxf3 Qxe1+ 30. Rxe1 Rxe1+ 31. Kg2 Kh8 32. Nf5 Rg8 33.
Nd6 Rf8 34. b4 f5 35. Nxf5 g6 36. Nd6 Re7 37. bxa5 Rd8 38. Qf4 Kg7 39. axb6
axb6 40. Ne4 Rf8 41. Qd6 Ref7 42. Ng5 Rf5 43. Ne6+ 1-0

[Event "Glorney Gilbert International 2016 - Robinson"]
[Site "Daventry"]
[Date "2016.07.17"]
[Round "2.1"]
[White "Choo-Yin, Ben"]
[Black "Zhang, Zheming"]
[Result "1/2-1/2"]
[WhiteElo "1686"]
[BlackElo "1793"]
[PlyCount "90"]
[EventDate "2016.07.17"]
[WhiteTeam "Wales"]
[BlackTeam "England"]

1. c4 e6 2. g3 f5 3. Bg2 Nf6 4. Nc3 Be7 5. Nf3 d6 6. d4 O-O 7. O-O Qe8 8. Qc2
Bd8 9. e4 fxe4 10. Nxe4 Nbd7 11. Re1 Nxe4 12. Qxe4 Nf6 13. Qc2 Qg6 14. Qxg6
hxg6 15. Bh3 Re8 16. Bd2 Nh7 17. Re2 Bf6 18. Rae1 Nf8 19. Bf4 Bd7 20. c5 Bc6
21. Bg4 dxc5 22. dxc5 Rac8 23. b3 Bd5 24. Be5 Kf7 25. Nd4 Re7 26. a4 Rce8 27.
b4 Nd7 28. f4 c6 29. Bf3 Nf8 30. b5 Rc8 31. bxc6 Bxc6 32. Bxc6 bxc6 33. g4 Bxe5
34. Rxe5 Ree8 35. f5 exf5 36. Rxe8 Rxe8 37. Rxe8 Kxe8 38. gxf5 gxf5 39. Nxf5 g6
40. Nd4 Kd7 41. Kf2 Ne6 42. Nb3 Ke7 43. Ke3 Kf6 44. Ke4 Ng5+ 45. Kf4 Ne6+
1/2-1/2

[Event "Glorney Gilbert International 2016 - Robinson"]
[Site "Daventry"]
[Date "2016.07.17"]
[Round "2.1"]
[White "Onslow, Alfie"]
[Black "Lutchman-Singh, Karanvir"]
[Result "1-0"]
[WhiteElo "1731"]
[BlackElo "1716"]
[PlyCount "71"]
[EventDate "2016.07.17"]
[WhiteTeam "England"]
[BlackTeam "Wales"]

1. e4 c6 2. d4 d5 3. exd5 cxd5 4. c4 Nf6 5. Nc3 Nc6 6. Bg5 e6 7. Nf3 Be7 8. c5
b6 9. Bb5 Bd7 10. Bxc6 Bxc6 11. Ne5 Qc7 12. Bf4 Qc8 13. b4 O-O 14. b5 Be8 15.
c6 Bb4 16. Qb3 Ba5 17. O-O Nh5 18. Bd2 f6 19. Nf3 Bf7 20. g4 e5 21. h3 Nf4 22.
Bxf4 exf4 23. Nh4 h5 24. Nf5 hxg4 25. Ne7+ Kh8 26. Nxc8 Raxc8 27. hxg4 g5 28.
Kg2 Be6 29. Rh1+ Kg7 30. f3 f5 31. gxf5 Bxf5 32. Nxd5 Rcd8 33. Ne7 Bh7 34.
Rxh7+ Kxh7 35. Qe6 Kh8 36. Rh1+ 1-0

[Event "Glorney Gilbert International 2016 - Robinson"]
[Site "Daventry"]
[Date "2016.07.17"]
[Round "2.1"]
[White "Fowler, Hugo"]
[Black "Miller, Dominic"]
[Result "0-1"]
[WhiteElo "1529"]
[BlackElo "1783"]
[PlyCount "108"]
[EventDate "2016.07.17"]
[WhiteTeam "Wales"]
[BlackTeam "England"]

1. e4 e6 2. d4 d5 3. e5 c5 4. c3 Qb6 5. Nf3 Nc6 6. a3 Nh6 7. b4 cxd4 8. cxd4
Nf5 9. Be3 Bd7 10. Nc3 Rc8 11. Na4 Qc7 12. Rc1 a6 13. Bd3 Nxe3 14. fxe3 Be7 15.
O-O O-O 16. Qc2 h6 17. Nc5 Nb8 18. Qb2 Qd8 19. Nxb7 Qb6 20. Nc5 Bb5 21. Qe2
Bxd3 22. Qxd3 a5 23. Rb1 axb4 24. Rxb4 Qc6 25. Qb5 Bxc5 26. Qxc6 Rxc6 27. dxc5
Rxc5 28. Rb3 Nc6 29. Kf2 Ra8 30. Kg3 Na5 31. Rd3 Nc4 32. Rc1 Rca5 33. Ra1 Rxa3
34. Rdxa3 Rxa3 35. Rxa3 Nxa3 36. Kf4 Nc4 37. e4 g5+ 38. Nxg5 hxg5+ 39. Kxg5
dxe4 40. Kf4 e3 41. Kf3 Kg7 42. h4 Kg6 43. Ke2 Kf5 44. h5 Kxe5 45. g4 Kf6 46.
h6 Kg6 47. g5 f6 48. h7 Kxh7 49. gxf6 Kg6 50. Kd3 Kxf6 51. Ke2 Kf5 52. Kf3 Ke5
53. Ke2 Ke4 54. Kd1 Kd3 0-1

[Event "Glorney Gilbert International 2016 - Robinson"]
[Site "Daventry"]
[Date "2016.07.17"]
[Round "2.1"]
[White "Qiu, Anlan"]
[Black "Howell, Oliver W"]
[Result "1-0"]
[WhiteElo "1567"]
[BlackElo "1506"]
[PlyCount "133"]
[EventDate "2016.07.17"]
[WhiteTeam "Wales"]
[BlackTeam "England"]

1. e4 e6 2. d3 d5 3. Nd2 Nf6 4. Ngf3 Be7 5. g3 O-O 6. Bg2 Nc6 7. O-O Re8 8. e5
Nd7 9. Re1 f6 10. exf6 Bxf6 11. Nb3 a5 12. a4 Qe7 13. d4 Qf7 14. c3 b6 15. Bf4
Ra7 16. Nc1 Ba6 17. Nd3 Bxd3 18. Qxd3 Nf8 19. Ne5 Bxe5 20. Bxe5 Nxe5 21. dxe5
Nd7 22. f4 c5 23. Qf3 c4 24. g4 Nc5 25. f5 Rd7 26. f6 gxf6 27. exf6 Ne4 28. Qe3
Qxf6 29. Bxe4 dxe4 30. Qxe4 Rd2 31. Re2 Red8 32. Rf1 Rd1 33. Ree1 Rxe1 34. Qxe1
Qe7 35. Qe3 Re8 36. Qxb6 Qg5 37. Qd4 Rc8 38. Qf4 Qc5+ 39. Rf2 e5 40. Qf7+ Kh8
41. Qf6+ Kg8 42. Kg2 Qc6+ 43. Qxc6 Rxc6 44. Rf5 Rb6 45. Rf2 Kg7 46. h4 Kg6 47.
Kf3 Kf6 48. Ke4+ Ke6 49. g5 Ke7 50. Kxe5 h6 51. gxh6 Rxh6 52. Rf4 Rh5+ 53. Kd4
Kd6 54. Kxc4 Rc5+ 55. Kd4 Rd5+ 56. Ke3 Ke5 57. h5 Ke6 58. Rh4 Kf6 59. h6 Rd8
60. h7 Rh8 61. Kd4 Rd8+ 62. Kc4 Rc8+ 63. Kb5 Rb8+ 64. Kxa5 Ra8+ 65. Kb4 Rb8+
66. Ka3 Kg7 67. h8=Q+ 1-0

[Event "Glorney Gilbert International 2016 - Robinson"]
[Site "Daventry"]
[Date "2016.07.17"]
[Round "2.1"]
[White "Bennet-Stevens, Lucy"]
[Black "Lutchman-Singh, Aishwarya"]
[Result "1-0"]
[WhiteElo "1381"]
[BlackElo "1443"]
[PlyCount "47"]
[EventDate "2016.07.17"]

1. e4 e5 2. Nf3 Nc6 3. Bb5 Bc5 4. O-O Nf6 5. d3 h6 6. c3 a6 7. Bxc6 dxc6 8.
Nxe5 Qd6 9. Nc4 Qe6 10. Be3 Ba7 11. Bxa7 Rxa7 12. f3 O-O 13. Ne3 Rd8 14. Qe2
Nh5 15. Ng4 Nf4 16. Qe3 Ra8 17. Qxf4 Rxd3 18. Nf2 Rd6 19. Na3 Qg6 20. Rad1 Rf6
21. Qxc7 Rxf3 22. Rd8+ Kh7 23. Rxc8 Rxc8 24. Qxc8 1-0

[Event "Glorney Gilbert International 2016 - Robinson"]
[Site "Daventry"]
[Date "2016.07.17"]
[Round "2.2"]
[White "Rachid, Alexandre"]
[Black "Ragavan, Pramoth"]
[Result "1/2-1/2"]
[WhiteElo "1935"]
[BlackElo "1517"]
[PlyCount "52"]
[EventDate "2016.07.17"]
[WhiteTeam "France"]
[BlackTeam "England B"]

1. e4 d5 2. exd5 Qxd5 3. Nc3 Qd6 4. d4 Nf6 5. Nf3 Bg4 6. h3 Bh5 7. g4 Bg6 8.
Ne5 c6 9. Nxg6 hxg6 10. Bg2 e6 11. Be3 Nbd7 12. Qd2 Qc7 13. a3 Bd6 14. O-O-O
O-O-O 15. f4 Nb6 16. Rhf1 Nc4 17. Qe2 Nxe3 18. Qxe3 Qa5 19. Ne4 Nxe4 20. Qxe4
Rhe8 21. Rd3 Be7 22. Rb3 Qd5 23. Qe2 Qa5 24. Qc4 Qc7 25. Rff3 Bf6 26. c3 Rh8
1/2-1/2

[Event "Glorney Gilbert International 2016 - Robinson"]
[Site "Daventry"]
[Date "2016.07.17"]
[Round "2.2"]
[White "Gogna, Avi"]
[Black "Binet, Joseph"]
[Result "1/2-1/2"]
[WhiteElo "1483"]
[BlackElo "1741"]
[PlyCount "65"]
[EventDate "2016.07.17"]
[WhiteTeam "England B"]
[BlackTeam "France"]

1. d4 d5 2. Nf3 c6 3. c4 Nf6 4. Nc3 dxc4 5. a4 Bf5 6. Ne5 Nbd7 7. Nxc4 e6 8. g3
Be7 9. Bg2 O-O 10. O-O Nd5 11. e4 Nxc3 12. bxc3 Bg6 13. Bf4 Nf6 14. Re1 b5 15.
axb5 cxb5 16. Ne5 Qb6 17. Nxg6 hxg6 18. Qb3 Nd7 19. Reb1 a6 20. Be3 Qc7 21. Rc1
Nb6 22. Bf4 Qd7 23. Bf1 Rfc8 24. Rd1 Nc4 25. Ra2 g5 26. Bc1 Qb7 27. d5 e5 28.
Be2 Qd7 29. Bf1 a5 30. Qc2 a4 31. Bd2 Nxd2 32. Qxd2 Rc5 33. Rb1 1/2-1/2

[Event "Glorney Gilbert International 2016 - Robinson"]
[Site "Daventry"]
[Date "2016.07.17"]
[Round "2.2"]
[White "Romas, Lionia"]
[Black "Gogna, Aman"]
[Result "1-0"]
[WhiteElo "1626"]
[BlackElo "1451"]
[PlyCount "85"]
[EventDate "2016.07.17"]
[WhiteTeam "France"]
[BlackTeam "England B"]

1. e4 c5 2. d4 cxd4 3. c3 d3 4. Bxd3 e6 5. Nf3 a6 6. O-O Qc7 7. Qe2 Nc6 8. Rd1
d6 9. Bf4 Nge7 10. c4 Ng6 11. Bg3 Nge5 12. Nxe5 dxe5 13. Bc2 Be7 14. Ba4 Bd7
15. Nc3 O-O 16. Rd2 Rfd8 17. Rad1 Nd4 18. Rxd4 Bxa4 19. Rxd8+ Rxd8 20. Rxd8+
Bxd8 21. Nxa4 Bf6 22. h3 h6 23. b3 Qc6 24. f3 Kf8 25. Qe3 Be7 26. Bxe5 b5 27.
cxb5 axb5 28. Qc3 Qxc3 29. Nxc3 b4 30. Nb5 g6 31. Bd6 Bxd6 32. Nxd6 Ke7 33. Nc4
f6 34. Kf2 Kd7 35. Ke3 Kc6 36. Kd4 e5+ 37. Nxe5+ fxe5+ 38. Kxe5 Kb5 39. f4 g5
40. f5 Kc6 41. f6 Kd7 42. Kd5 Ke8 43. Kc5 1-0

[Event "Glorney Gilbert International 2016 - Robinson"]
[Site "Daventry"]
[Date "2016.07.17"]
[Round "2.2"]
[White "Lewis, Timothy"]
[Black "Mansouri, Julien"]
[Result "1/2-1/2"]
[WhiteElo "1475"]
[BlackElo "1607"]
[PlyCount "121"]
[EventDate "2016.07.17"]
[WhiteTeam "England B"]
[BlackTeam "France"]

1. e4 e6 2. d4 d5 3. Nc3 Bb4 4. e5 Ne7 5. a3 Ba5 6. b4 Bb6 7. Qg4 Nf5 8. Nf3
Nc6 9. Be3 Bd7 10. Bd3 Nxe3 11. fxe3 g6 12. Rf1 Ne7 13. e4 O-O 14. Qg5 Kg7 15.
Ne2 dxe4 16. Bxe4 Bc6 17. Ng3 Nf5 18. Nxf5+ exf5 19. Bxc6 bxc6 20. Qxd8 Rfxd8
21. Rd1 a5 22. Kf2 axb4 23. axb4 Ra2 24. Rd2 Rd5 25. Kg3 g5 26. h3 Ra3 27. Kh2
g4 28. hxg4 fxg4 29. Ng5 Bxd4 30. Kh1 Bxe5 31. Rdf2 Rd7 32. Nxf7 Bd6 33. Rf5 h6
34. Nxd6 cxd6 35. c4 Rb3 36. R5f4 Rxb4 37. Rxg4+ Kh7 38. Rf6 Rg7 39. Rd4 Rg6
40. Rxg6 Kxg6 41. Rxd6+ Kg5 42. Rxc6 h5 43. Kg1 Rb1+ 44. Kf2 Kf4 45. Rc8 Rb2+
46. Kf1 Ke3 47. Kg1 Kf4 48. c5 Rc2 49. c6 Kg3 50. Rg8+ Kf4 51. Rc8 Kg3 52. Kf1
h4 53. c7 Kh2 54. Ke1 Kg1 55. Kd1 Rc6 56. Ke2 Kh2 57. Ke3 Rc4 58. Kd3 Rc1 59.
Kd4 Rd1+ 60. Ke5 Rc1 61. Kd4 1/2-1/2

[Event "Glorney Gilbert International 2016 - Robinson"]
[Site "Daventry"]
[Date "2016.07.17"]
[Round "2.3"]
[White "Berera, Siddharth"]
[Black "Byrne, Alex"]
[Result "0-1"]
[WhiteElo "1594"]
[BlackElo "1926"]
[PlyCount "96"]
[EventDate "2016.07.17"]
[WhiteTeam "Scotland"]
[BlackTeam "Ireland"]

1. e4 e6 2. d4 d5 3. Nc3 Bb4 4. e5 c5 5. Bd2 cxd4 6. Nb5 Bc5 7. b4 Be7 8. Nxd4
Nc6 9. Nxc6 bxc6 10. b5 c5 11. a4 Qc7 12. f4 Nh6 13. Nf3 f6 14. Bd3 Nf7 15.
exf6 Bxf6 16. Rb1 O-O 17. c4 Nd6 18. Qc2 g6 19. O-O Bb7 20. Ne5 Nf5 21. Bxf5
exf5 22. Nf3 d4 23. Qb3 Rfe8 24. b6 Qd6 25. bxa7 Be4 26. Qb6 Qxb6 27. Rxb6 Bd8
28. Rb5 Rxa7 29. a5 Be7 30. Ra1 Bd6 31. Rb6 Bc7 32. Rb5 Bxf3 33. gxf3 Re2 34.
Be1 Bxf4 35. Bf2 d3 36. a6 d2 37. Rb7 Rxa6 38. Rd1 Rae6 39. Rbb1 Bxh2+ 40. Kxh2
Rxf2+ 41. Kg3 Rfe2 42. Ra1 h5 43. Ra5 g5 44. Rxc5 f4+ 45. Kh3 Rg6 46. Rd5 g4+
47. fxg4 hxg4+ 48. Kh4 Rh6+ 0-1

[Event "Glorney Gilbert International 2016 - Robinson"]
[Site "Daventry"]
[Date "2016.07.17"]
[Round "2.3"]
[White "Haque, Mustakim-Ul"]
[Black "Connolly Sams, Lukah"]
[Result "1/2-1/2"]
[WhiteElo "1839"]
[BlackElo "1498"]
[PlyCount "80"]
[EventDate "2016.07.17"]
[WhiteTeam "Ireland"]
[BlackTeam "Scotland"]

1. d4 d5 2. c4 e6 3. Nc3 Nf6 4. cxd5 exd5 5. Bg5 c6 6. Qc2 h6 7. Bxf6 Qxf6 8.
Nxd5 Qxd4 9. Rd1 Bb4+ 10. Nxb4 Qxb4+ 11. Qd2 Qxd2+ 12. Rxd2 Be6 13. a3 Nd7 14.
Nf3 O-O 15. Nd4 Bd5 16. Nf5 Kh8 17. f3 Nf6 18. e4 Be6 19. Nd4 Bd7 20. Bc4 b5
21. Ba2 c5 22. Ne2 Bc6 23. O-O Nd7 24. Bd5 Ne5 25. Bxc6 Nxc6 26. Rd5 Nd4 27.
Nxd4 cxd4 28. Rxd4 Rac8 29. Rd5 Rc2 30. Rxb5 Rd8 31. Rd5 Rb8 32. b4 Ra2 33.
Rfd1 Kh7 34. Ra5 Rc8 35. Rc5 Rb8 36. Rc3 a5 37. Rd4 axb4 38. axb4 Rb2 39. Rc7
Ra8 40. Rd1 Raa2 1/2-1/2

[Event "Glorney Gilbert International 2016 - Robinson"]
[Site "Daventry"]
[Date "2016.07.17"]
[Round "2.3"]
[White "Melaugh, Gavin"]
[Black "Smith, Rachel L"]
[Result "0-1"]
[WhiteElo "1597"]
[BlackElo "1402"]
[PlyCount "94"]
[EventDate "2016.07.17"]
[WhiteTeam "Ireland"]
[BlackTeam "Scotland"]

1. c4 Nf6 2. Nc3 c5 3. g3 Nc6 4. Bg2 g6 5. d3 Bg7 6. e4 d6 7. Nge2 Rb8 8. O-O
O-O 9. f4 e6 10. h3 Bd7 11. g4 a6 12. Ng3 Nd4 13. Nce2 Nxe2+ 14. Qxe2 b5 15.
Rd1 Qb6 16. Rb1 Bc6 17. Be3 Nd7 18. b4 Qc7 19. cxb5 Rxb5 20. bxc5 Nxc5 21. Bxc5
Rxc5 22. d4 Bb5 23. Qe1 Rc2 24. Rd2 Rc8 25. e5 Rxd2 26. Qxd2 d5 27. f5 Qc2 28.
Rb2 Qc3 29. Kh2 Qxd2 30. Rxd2 Bh6 31. Rb2 Be3 32. fxe6 fxe6 33. a4 Bxd4 34. Rd2
Be3 35. Ra2 Bc4 36. Rb2 d4 37. Nf1 Bf4+ 38. Kh1 Bxe5 39. Be4 d3 40. Rd2 Rd8 41.
Kg2 Bc3 42. Rd1 d2 43. Kf2 Bb3 44. Ne3 Bxd1 45. Nxd1 Bb4 46. Ke2 Kf7 47. Bd3 a5
0-1

[Event "Glorney Gilbert International 2016 - Robinson"]
[Site "Daventry"]
[Date "2016.07.18"]
[Round "3.1"]
[White "Byrne, Alex"]
[Black "Choo-Yin, Ben"]
[Result "1-0"]
[WhiteElo "1926"]
[BlackElo "1686"]
[PlyCount "107"]
[EventDate "2016.07.17"]
[WhiteTeam "Ireland"]
[BlackTeam "Wales"]

1. e4 c5 2. c3 Nf6 3. e5 Nd5 4. Nf3 e6 5. d4 cxd4 6. cxd4 d6 7. Bd3 Nc6 8. O-O
Be7 9. a3 O-O 10. Re1 Qc7 11. Qe2 dxe5 12. dxe5 Rd8 13. Qe4 g6 14. h4 Bf8 15.
h5 Nde7 16. hxg6 hxg6 17. Bg5 Qb6 18. Nbd2 Nd4 19. Nc4 Nxf3+ 20. Qxf3 Qc5 21.
Nd6 Rxd6 22. exd6 Qxg5 23. dxe7 Qxe7 24. Rac1 Rb8 25. Qf4 Qd6 26. Qxd6 Bxd6 27.
Red1 Be5 28. Be4 Bf6 29. Rc7 b5 30. Rdc1 Ba6 31. Rxa7 Bxb2 32. Rb1 Bxa3 33.
Rxa6 Be7 34. Ra8 Rxa8 35. Bxa8 b4 36. f3 Kg7 37. Kf2 Kf6 38. Bc6 g5 39. Be8
Bc5+ 40. Ke2 Ke7 41. Ba4 f5 42. Kd3 Kf6 43. Rc1 Be7 44. Rc6 Ke5 45. Bb3 Bd6 46.
Ra6 Bf8 47. Rxe6+ Kf4 48. Ke2 g4 49. Rf6 Bg7 50. Rf7 gxf3+ 51. gxf3 Bc3 52. Bc2
Ke5 53. Rxf5+ Kd4 54. Rb5 1-0

[Event "Glorney Gilbert International 2016 - Robinson"]
[Site "Daventry"]
[Date "2016.07.18"]
[Round "3.1"]
[White "Lutchman-Singh, Karanvir"]
[Black "Haque, Mustakim-Ul"]
[Result "1/2-1/2"]
[WhiteElo "1716"]
[BlackElo "1839"]
[PlyCount "84"]
[EventDate "2016.07.17"]
[WhiteTeam "Wales"]
[BlackTeam "Ireland"]

1. e4 c6 2. d4 d5 3. exd5 cxd5 4. c4 Nc6 5. Nc3 Nf6 6. Bg5 Ne4 7. Nxe4 dxe4 8.
Ne2 Bg4 9. d5 Ne5 10. Qa4+ Bd7 11. Qc2 Nd3+ 12. Kd2 Nxf2 13. Rg1 h6 14. Be3 Ng4
15. Qxe4 Nxh2 16. Nc3 e6 17. Bd3 Bd6 18. Bf4 Bxf4+ 19. Qxf4 Qg5 20. Qxg5 hxg5
21. Ne4 f6 22. Rge1 e5 23. Rh1 Rh4 24. g3 Rh3 25. c5 Ke7 26. d6+ Kf7 27. Bf1
Nf3+ 28. Ke3 Rxh1 29. Bc4+ Kg6 30. Rxh1 Nd4 31. Bd5 Bc6 32. Bxc6 bxc6 33. g4
Rb8 34. Rh2 a5 35. Nc3 Ne6 36. Ne4 Kf7 37. b3 Rb5 38. Rd2 Nd4 39. Rh2 Rb8 40.
Rh7 Kg8 41. Rh2 Kf7 42. Kd3 Kg8 1/2-1/2

[Event "Glorney Gilbert International 2016 - Robinson"]
[Site "Daventry"]
[Date "2016.07.18"]
[Round "3.1"]
[White "Redmond, Joshua"]
[Black "Fowler, Hugo"]
[Result "0-1"]
[WhiteElo "1700"]
[BlackElo "1529"]
[PlyCount "112"]
[EventDate "2016.07.17"]
[WhiteTeam "Ireland"]
[BlackTeam "Wales"]

1. e4 e5 2. Nf3 Nc6 3. Bb5 f5 4. d3 fxe4 5. dxe4 Nf6 6. O-O Bc5 7. Nc3 d6 8.
Be3 Bb6 9. Qe2 O-O 10. Bc4+ Kh8 11. Bxb6 axb6 12. Nd5 Bg4 13. Qe3 Bxf3 14. gxf3
Nd4 15. Nb4 Nh5 16. Be2 Nf4 17. Kh1 Ndxe2 18. Nd3 Qf6 19. Nxf4 Nxf4 20. Rg1 Ng6
21. Rg3 Qf4 22. Rag1 Qxe3 23. fxe3 Rxa2 24. Rb1 Nh4 25. c3 Rxf3 26. Rxf3 Nxf3
27. Rf1 Kg8 28. Rxf3 Rxb2 29. Rf1 Ra2 30. Rc1 Re2 31. Ra1 Rxe3 32. Ra8+ Kf7 33.
Ra7 Rxe4 34. Rxb7 Rc4 35. Kg2 Rxc3 36. Kf2 Ke6 37. Rb8 Rc2+ 38. Kg3 Kf7 39. Rb7
g5 40. Kf3 h5 41. Kg3 Ke6 42. Rb8 h4+ 43. Kh3 g4+ 44. Kxh4 Rxh2+ 45. Kxg4 Rf2
46. Re8+ Kd5 47. Rh8 e4 48. Rh1 e3 49. Re1 Kd4 50. Kg3 c5 51. Rd1+ Rd2 52. Re1
Kd3 53. Kf3 e2 54. Kf2 Rd1 55. Rxe2 Rd2 56. Rxd2+ Kxd2 0-1